Ocean wild : (Record no. 4089)

000 -LEADER
fixed length control field nam a22 a 4500
003 - CONTROL NUMBER IDENTIFIER
control field AKMAL
005 - DATE AND TIME OF LATEST TRANSACTION
control field 20170525105532.0
008 - FIXED-LENGTH DATA ELEMENTS--GENERAL INFORMATION
fixed length control field 417052s2001 my 00 eng d
020 ## - INTERNATIONAL STANDARD BOOK NUMBER
International Standard Book Number 9838710067:
Terms of availability RM150.00
040 ## - CATALOGING SOURCE
Original cataloging agency AKMAL
082 04 - DEWEY DECIMAL CLASSIFICATION NUMBER
Classification number 910.41 SHA
Edition number 22
090 00 - LOCALLY ASSIGNED LC-TYPE CALL NUMBER (OCLC); LOCAL CALL NUMBER (RLIN)
Classification number (OCLC) (R) ; Classification number, CALL (RLIN) (NR) 910.41
Local cutter number (OCLC) ; Book number/undivided call number, CALL (RLIN) SHA
245 00 - TITLE STATEMENT
Title Ocean wild :
Remainder of title Jalur Gemilang challenge = Meredah samudera :
-- cabaran Jalur Gemilang
260 ## - PUBLICATION, DISTRIBUTION, ETC.
Place of publication, distribution, etc. Kuala Lumpur :
Name of publisher, distributor, etc. The New Straits Times Press,
Date of publication, distribution, etc. 2001
300 00 - PHYSICAL DESCRIPTION
Extent 155p. :
Other physical details col. ill. ;
Dimensions 30cm
500 ## - GENERAL NOTE
General note Texts in English and Malay
600 00 - SUBJECT ADDED ENTRY--PERSONAL NAME
Personal name Azhar Mansor,
Titles and other words associated with a name Datuk
General subdivision Journeys
9 (RLIN) 8002
650 #0 - SUBJECT ADDED ENTRY--TOPICAL TERM
Topical term or geographic name entry element Voyages around the world
General subdivision Personal narratives
9 (RLIN) 8003
650 #0 - SUBJECT ADDED ENTRY--TOPICAL TERM
Topical term or geographic name entry element Voyages and travels
9 (RLIN) 8004
740 02 - ADDED ENTRY--UNCONTROLLED RELATED/ANALYTICAL TITLE
Uncontrolled related/analytical title Meredah samudera
942 ## - ADDED ENTRY ELEMENTS (KOHA)
Source of classification or shelving scheme
Koha item type Book
Holdings
Withdrawn status Lost status Source of classification or shelving scheme Damaged status Not for loan Collection code Home library Current library Shelving location Date acquired Inventory number Total Checkouts Full call number Barcode Date last seen Price effective from Koha item type
          NON-FICTION AKMAL Melaka AKMAL Melaka PINJAMAN 25.05.2017 900410   910.41 SHA 201705223 25.05.2017 25.05.2017 Book
Pusat Sumber Maklumat Dato' Haji Sarmin Md Hussin, Akademi Kastam Diraja Malaysia, Melaka
Tel: 06-2331106 | Faks: 06-2313787